Bouquet of verses: (Record no. 24900)

MARC details
000 -LEADER
fixed length control field 00850nam a22002177a 4500
008 - FIXED-LENGTH DATA ELEMENTS--GENERAL INFORMATION
fixed length control field 090305t xxu||||| |||| 00| 0 eng d
010 ## - LCCN (DPL NO)
LC control number ENG-93102
020 ## - INTERNATIONAL STANDARD BOOK NUMBER
Terms of availability 150.00
035 ## - SYSTEM CONTROL NUMBER
System control number EN-76635
037 ## - SOURCE OF ACQUISITION
Source of stock number/acquisition DBAD / PUB
040 ## - CATALOGING SOURCE
Original cataloging agency dpl
Language of cataloging English
082 ## - DEWEY DECIMAL CLASSIFICATION NUMBER
Classification number 881
100 ## - MAIN ENTRY--PERSONAL NAME
Personal name Haranath, K.
245 ## - TITLE STATEMENT
Title Bouquet of verses:
Statement of responsibility, etc K. Haranath; translated by Chintapatla Sudarshan
Remainder of title (anthology of translated Telugu Poems) /
260 ## - PUBLICATION, DISTRIBUTION, ETC. (IMPRINT)
Place of publication, distribution, etc Hyderabad
Name of publisher, distributor, etc Old City Writers Association
Date of publication, distribution, etc 2008
300 ## - PHYSICAL DESCRIPTION
Extent 102p.
Dimensions 20cm (pbk)
650 ## - SUBJECT ADDED ENTRY--TOPICAL TERM
Topical term or geographic name as entry element Telugu poetry
General subdivision Translation into English.
700 ## - ADDED ENTRY--PERSONAL NAME
Personal name Chintapatla Sudarshan
942 ## - ADDED ENTRY ELEMENTS (KOHA)
Source of classification or shelving scheme Dewey Decimal Classification
Item type English Books
Call number suffix HAR
Classification part 881
Holdings
Withdrawn status Lost status Source of classification or shelving scheme Damaged status Not for loan Collection code Home library Current library Date acquired Source of acquisition Cost, normal purchase price Total Checkouts Full call number Barcode Date last seen Copy number Cost, replacement price Koha item type
    Dewey Decimal Classification   Not For Loan Non-fiction D.B.Act.Division D.B.Act.Division 05/03/2009 DBAD / PUB 150.00   881 HAR EN-76635 05/03/2009 1 150.00 English Books

© Delhi Public Library
Hit Counter
free hit counter